| 000 | 00860cam a2200277 4500 | ||
|---|---|---|---|
| 008 | 090401t1991 xxu||||| |||| 00| 0 eng d | ||
| 020 | _a0854064931 | ||
| 035 | _a(Sirsi) u52975 | ||
| 041 | _aeng | ||
| 050 | _a658.1552 | ||
| 090 | _aRICS 1991/35ABCDEF | ||
| 100 | _aKelly, J.R. | ||
| 245 | 4 | _aThe practice of value management: enhancing value or cutting cost? | |
| 260 |
_aLondon _bRICS _c1991 |
||
| 300 | _axi, 106p.; 30cm. | ||
| 350 | _a12 | ||
| 520 | _aFunded by RICS Education Trust. | ||
| 650 | _aVALUE ENGINEERING | ||
| 650 | _aVALUE MANAGEMENT | ||
| 690 |
_aQuantity surveying _96263 |
||
| 700 | _aMale, S.P. | ||
| 710 |
_aHeriot-Watt University. Department of Building Engineering and Surveying _93049 |
||
| 710 |
_aRoyal Institution of Chartered Surveyors _bQuantity Surveyors' Division _91263 |
||
| 942 | _n0 | ||
| 948 | _c04/03/1997 | ||
| 999 |
_c93203 _d93203 |
||